000 03064cam a2200325 4500500
005 20251228052942.0
041 _afre
042 _adc
100 1 0 _aBerroir, Sandrine
_eauthor
700 1 0 _aCattan, Nadine
_eauthor
700 1 0 _aSaint-Julien, Thérèse
_eauthor
245 0 0 _aLa contribution des villes nouvelles au polycentrisme francilien : l'exemple de la polarisation liée à l'emploi
260 _c2005.
500 _a92
520 _aRésuméCet article évalue la capacité de polarisation des villes nouvelles dans le système des interdépendances pour l’emploi qui donne à la région métropolitaine francilienne une certaine cohérence. La mobilisation de trois composantes complémentaires de la polarisation – la puissance et la nature de l’offre d’emploi, la dépendance/autonomie à l’égard du pôle principal (ici, de l’emploi parisien) et la portée de la polarisation – permet de donner une image du rôle que jouent aujourd’hui les villes nouvelles dans le fonctionnement du système polycentrique francilien. Ce rôle est comparé à celui d’une dizaine de pôles d’emploi témoins, afin d’évaluer la spécificité des trajectoires de ces villes.
520 _aThis paper assesses new towns capacity of polarisation within the system of employment interdependencies in Paris metropolitan area. Three components of polarisation interact together: the amount and quality of jobs supply, the degree of autonomy-dependence from the main pole (Paris) and the range of polarisation. They give an image of the part played by new towns in the polycentric metropolitan system. In order to assess the specific role of new towns, they are compared with some other ten pilot employment poles.
520 _aResumenEn este artículo se efectua la evaluación de la capacidad de polarización de las ciudades de construcción reciente dentro del sistema de interdependencia a nivel del empleo que da a la región metropolitana parisina una cierta coherencia. El conjunto de tres componentes complementarios de la polarización –la fuerza y la naturaleza de la oferta de trabajo, la dependencia/autonomia cara al polo principal del empleo parisino y el alcance de la polarización - permite la construcción de una imagen del papel que juegan hoy dia las ciudades nuevas dentro del funcionamiento del sistema policentrico parisino. Este papel es comparado a una decena de polos de empleo de referencia con el objetivo de efectuar una evaluación de las diferentes trayectorias de esas ciudades.
690 _adéplacement domicile-travail
690 _apolarisation
690 _apolycentrisme
690 _arégion métropolitaine francilienne
690 _aville nouvelle
690 _anew town
690 _aParis
690 _apolarisation
690 _apolycentrism
690 _atravel to work
786 0 _nEspaces et sociétés | 119 | 4 | 2005-03-01 | p. 113-133 | 0014-0481
856 4 1 _uhttps://shs.cairn.info/revue-espaces-et-societes-2004-4-page-113?lang=fr&redirect-ssocas=7080
999 _c1584882
_d1584882